000 01225nam a2200325Ia 4500
001 ebr10743902
003 CaPaEBR
006 m o u
007 cr cn|||||||||
008 080114s2013 gw a sb 001 0 eng d
020 _z9780470822982 (cloth : alk. paper)
020 _z9783527334636
020 _z9783527670802
040 _aCaPaEBR
_cCaPaEBR
035 _a(OCoLC)855504094
050 1 4 _aTA403
_b.L46 2013eb
082 0 4 _a620.1/1
_222
100 1 _aLeng, Y.
_q(Yang)
245 1 0 _aMaterials characterization
_h[electronic resource] :
_bintroduction to microscopic and spectroscopic methods /
_cYang Leng.
250 _a2nd ed.
260 _aWeinheim :
_bJ. Wiley,
_cc2013.
300 _axiv, 376 p. :
_bill.
504 _aIncludes bibliographical references and index.
533 _aElectronic reproduction.
_bPalo Alto, Calif. :
_cebrary,
_d2013.
_nAvailable via World Wide Web.
_nAccess may be limited to ebrary affiliated libraries.
650 0 _aMaterials.
650 0 _aMaterials
_xAnalysis.
655 7 _aElectronic books.
_2local
710 2 _aebrary, Inc.
856 4 0 _uhttp://site.ebrary.com/lib/rucke/Doc?id=10743902
_zAn electronic book accessible through the World Wide Web; click to view
999 _c32525
_d32525